| 000 | 00607nam a22001697a 4500 | ||
|---|---|---|---|
| 008 | 260603b |||||||| |||| 00| 0 eng d | ||
| 020 | _a9781032269610 | ||
| 050 |
_aP 94 _b.B53 2023 |
||
| 100 | _aBivins, Tom | ||
| 245 |
_aMixed media : _bMoral distinctions in advertising, public relations, and journalism / _cTom Bivins. |
||
| 250 | _a4th ed. | ||
| 260 |
_aNew York, NY : _bRoutledge, _c2023. |
||
| 300 |
_aix,339p. : _bill. ; _c22cm. |
||
| 504 | _aincludes bibliographical references and index. | ||
| 650 | _aMass media-Moral and ethical aspects. | ||
| 942 |
_2lcc _hP 94 .B53 2023 _cBOOKS |
||
| 999 |
_c32466 _d32466 |
||